La Jamaïque en images - Statistiques

Statistiques générales
  • Ce quiz a été pris 29 fois
  • Le résultat moyen est 9 sur 18
Statistiques - réponses
Par images Hint Réponse % Correct
Chanteur Bob Marley
100%
Style de Musique Reggae
96%
Capitale Kingston
93%
Sportif Usain Bolt
93%
Roi Charles 3
89%
Mouvement Rastafarisme
85%
Mer / Archipel Caraïbes
81%
Monnaie Dollar Jamaïcain
74%
Organisation Internationale Commonwealth
56%
Film Rasta Rockett
41%
Convention Montego Bay
33%
Chanteur Jimmy Cliff
22%
Chanteuse Grace Jones
15%
Chaine de Montagnes Blue Mountains
11%
Spécialité Culinaire Jerk Chicken
11%
Sportive Shelly-Ann Fraser-Price
4%
Premier Ministre Andrew Holness
0%
Plage Seven Mile Beach
0%
Aucun quiz correspondant
Distribution des résultats
% des personnes avec chaque résultat
Percentile par nombre de réponses
Votre historique - résultats
Vous n’avez pas pris ce quiz